Statistics for Countries with Green on their Flag

Click here to take the quiz!

General Stats

  • This quiz has been taken 62 times
  • The average score is 62 of 96

Answer Stats

Country % Correct
Brazil
92%
Italy
90%
South Africa
90%
Mexico
90%
Algeria
88%
Ethiopia
82%
Saudi Arabia
82%
Niger
82%
India
82%
Zimbabwe
82%
Pakistan
80%
Afghanistan
80%
Kenya
80%
Ireland
80%
Libya
80%
Mali
80%
Nigeria
80%
Iran
78%
Zambia
78%
Portugal
78%
Ivory Coast
76%
Sierra Leone
76%
Sudan
76%
Iraq
76%
Oman
76%
South Sudan
74%
Central African Republic
74%
Senegal
74%
Eritrea
74%
Morocco
74%
Guinea
72%
Togo
72%
Benin
70%
Lebanon
70%
Ghana
70%
Azerbaijan
70%
Congo
70%
Namibia
70%
Cameroon
70%
Rwanda
70%
Mauritania
70%
Mauritius
68%
Jordan
68%
Lesotho
68%
Guinea Bissau
68%
Bangladesh
68%
Djibouti
66%
Bolivia
64%
Tanzania
64%
Gabon
64%
Equatorial Guinea
64%
Malawi
64%
Burkina Faso
64%
Syria
62%
United Arab Emirates
62%
Bulgaria
62%
Seychelles
60%
Burundi
60%
Jamaica
60%
Mozambique
60%
Gambia
60%
Kuwait
60%
Turkmenistan
60%
Hungary
60%
Madagascar
58%
Lithuania
58%
Comoros
58%
Myanmar
58%
El Salvador
58%
Belarus
56%
Tajikistan
56%
Sao Tome and Principe
54%
Cyprus
54%
Sri Lanka
54%
Guatemala
52%
Uzbekistan
52%
Belize
52%
Dominica
50%
Guyana
50%
Saint Vincent and the Grenadines
50%
Maldives
48%
Suriname
48%
Grenada
48%
Spain
48%
Fiji
48%
Saint Kitts and Nevis
46%
Haiti
44%
Ecuador
44%
San Marino
44%
Paraguay
40%
Nicaragua
40%
Vanuatu
38%
Solomon Islands
34%
Dominican Republic
34%
Moldova
24%
Montenegro
24%

Score Distribution

Percentile by Number Answered

Percent of People with Each Score

Your Score History

You have not taken this quiz